[Event "Voronezh Region-ch"]
[Site "Voronezh"]
[Date "2018.11.30"]
[Round "8"]
[White "Kostin, Alexey"]
[Black "Chuprikov, Dmitry"]
[Result "1/2-1/2"]
[WhiteElo "2253"]
[BlackElo "2322"]
[PlyCount "29"]
[EventDate "2018.11.23"]
[EventType "swiss"]
[EventRounds "9"]
[EventCountry "RUS"]
[SourceTitle "CBM 188 Extra"]
[Source "ChessBase"]
[SourceDate "2019.02.26"]
[SourceVersion "1"]
[SourceVersionDate "2019.02.26"]
[SourceQuality "1"]

1. e4 d6 2. d4 Nf6 3. Nc3 g6 4. f4 Bg7 5. Nf3 c5 6. Bb5+ Bd7 7. e5 Ng4 8. e6 fxe6 9. Ng5 Bxd4 10. Nxe6 Bxb5 11. Nxd8 Bf2+ 12. Kd2 Be3+ 13. Ke1 Bf2+ 14. Kd2 Be3+ 15. Ke1 1/2-1/2

[Event "Voronezh Region-ch"]
[Site "Voronezh"]
[Date "2018.11.28"]
[Round "6"]
[White "Kostin, Alexey"]
[Black "Agadjanian, Sergey"]
[Result "1-0"]
[WhiteElo "2253"]
[BlackElo "1979"]
[PlyCount "43"]
[EventDate "2018.11.23"]
[EventType "swiss"]
[EventRounds "9"]
[EventCountry "RUS"]
[SourceTitle "CBM 188 Extra"]
[Source "ChessBase"]
[SourceDate "2019.02.26"]
[SourceVersion "1"]
[SourceVersionDate "2019.02.26"]
[SourceQuality "1"]

1. e4 c5 2. c3 d5 3. exd5 Qxd5 4. d4 cxd4 5. cxd4 Nc6 6. Nf3 Bg4 7. Nc3 Qh5 8. Be2 Nf6 9. 0-0 e6 10. Bf4 Nd5 11. Bg3 Bb4 12. h3 Bf5 13. Ne5 Qg5 14. Nxd5 exd5 15. Nxc6 bxc6 16. Qa4 Qd2 17. Qxc6+ Ke7 18. a3 Qxe2 19. axb4 Be6 20. Bh4+ f6 21. Rfe1 Rhc8 22. Qb7+ 1-0

[Event "Voronezh Region-ch"]
[Site "Voronezh"]
[Date "2018.11.25"]
[Round "3"]
[White "Klimentov, Roman"]
[Black "Kostin, Alexey"]
[Result "1/2-1/2"]
[WhiteElo "2156"]
[BlackElo "2253"]
[PlyCount "44"]
[EventDate "2018.11.23"]
[EventType "swiss"]
[EventRounds "9"]
[EventCountry "RUS"]
[SourceTitle "CBM 188 Extra"]
[Source "ChessBase"]
[SourceDate "2019.02.26"]
[SourceVersion "1"]
[SourceVersionDate "2019.02.26"]
[SourceQuality "1"]

1. e4 c5 2. Nf3 e6 3. d4 cxd4 4. Nxd4 a6 5. Bd3 Nf6 6. 0-0 Qc7 7. Qe2 d6 8. c4 Nc6 9. Nxc6 bxc6 10. Nc3 e5 11. Be3 Be7 12. Rfd1 h6 13. Rac1 0-0 14. f3 Qb7 15. b3 Be6 16. Na4 Nd7 17. Qf2 Rac8 18. Qe2 Ra8 19. Qf2 Rac8 20. Qe2 Ra8 21. Qf2 Rac8 22. Qe2 Ra8 1/2-1/2

[Event "Voronezh Region-ch"]
[Site "Voronezh"]
[Date "2018.11.24"]
[Round "2"]
[White "Kostin, Alexey"]
[Black "Penkin, Vitali"]
[Result "1-0"]
[WhiteElo "2253"]
[BlackElo "1998"]
[PlyCount "122"]
[EventDate "2018.11.23"]
[EventType "swiss"]
[EventRounds "9"]
[EventCountry "RUS"]
[SourceTitle "CBM 188 Extra"]
[Source "ChessBase"]
[SourceDate "2019.02.26"]
[SourceVersion "1"]
[SourceVersionDate "2019.02.26"]
[SourceQuality "1"]

1. e4 c5 2. c3 Nf6 3. e5 Nd5 4. d4 cxd4 5. Qxd4 e6 6. Bc4 Nc6 7. Qe4 d6 8. exd6 Nf6 9. Qe2 Bxd6 10. Nf3 0-0 11. Bg5 Be7 12. Nbd2 Qc7 13. 0-0 b6 14. Ne4 Nxe4 15. Qxe4 Bb7 16. Bd3 g6 17. Qh4 Rfe8 18. Rad1 Bf8 19. Be4 Bg7 20. Rfe1 Na5 21. Bf4 e5 22. Bg5 Bxe4 23. Rxe4 Re6 24. Bd8 Qc6 25. Ree1 f6 26. Re2 Nb7 27. Red2 Re8 28. Ng5 h6 29. Bxf6 Qxf6 30. Qc4+ Kh8 31. Ne4 Qe6 32. Qe2 Rad8 33. Qa6 Rxd2 34. Rxd2 Qc6 35. f3 Nc5 36. Qc4 Qe6 37. Rd5 Nxe4 38. Qxe4 Kh7 39. c4 Bf8 40. g4 Bg7 41. h4 Rf8 42. b3 Rf4 43. Qe3 Qf6 44. Kg2 e4 45. g5 hxg5 46. hxg5 exf3+ 47. Kg3 f2 48. gxf6 f1N+ 49. Kxf4 Bh6+ 50. Ke5 Nxe3 51. Rd7+ Kg8 52. Rxa7 g5 53. Ke6 g4 54. f7+ Kg7 55. Ra8 Kg6 56. f8Q Bxf8 57. Rxf8 Kg5 58. Ke5 g3 59. Ke4 Nc2 60. Kf3 Nb4 61. Kxg3 Nxa2 1-0

[Event "RUS-chT blitz"]
[Site "Sochi"]
[Date "2018.10.10"]
[Round "3.5"]
[White "Kryakvin, Dmitry"]
[Black "Kostin, Alexey"]
[Result "1-0"]
[WhiteElo "2595"]
[BlackElo "2253"]
[PlyCount "71"]
[EventDate "2018.10.10"]
[EventType "team-swiss (blitz)"]
[EventRounds "15"]
[EventCountry "RUS"]
[SourceTitle "CBM 186 Extra"]
[Source "ChessBase"]
[SourceDate "2018.08.24"]
[SourceVersion "1"]
[SourceVersionDate "2018.08.24"]
[SourceQuality "1"]
[WhiteTeam "Tyumen Molodezhka"]
[BlackTeam "Moscow Liga Tsifrovoy Ekonomiki"]
[WhiteTeamCountry "RUS"]
[BlackTeamCountry "RUS"]

1. d4 Nf6 2. Bg5 e6 3. e4 h6 4. Bxf6 Qxf6 5. c3 c5 6. Nf3 cxd4 7. cxd4 Bb4+ 8. Nc3 0-0 9. Rc1 b6 10. a3 Bxc3+ 11. Rxc3 Bb7 12. Bd3 Nc6 13. e5 Qe7 14. 0-0 d6 15. Qe2 dxe5 16. dxe5 Rac8 17. Rfc1 Na5 18. Rxc8 Rxc8 19. Rxc8+ Bxc8 20. b4 Nb7 21. Qe4 g6 22. h4 Nd8 23. Qf4 h5 24. Ng5 Bb7 25. Be4 Bxe4 26. Nxe4 Kg7 27. Nf6 Nc6 28. Qg5 b5 29. Nxh5+ Kf8 30. Nf6 Kg7 31. h5 Nxe5 32. h6+ Kf8 33. Qxe5 Qd8 34. Nh7+ Ke8 35. Qh8+ Kd7 36. Nf6+ 1-0

[Event "RUS-chT rapid"]
[Site "Sochi"]
[Date "2018.10.09"]
[Round "6.9"]
[White "Kostin, Alexey"]
[Black "Ivlev, Aleksey"]
[Result "1/2-1/2"]
[WhiteElo "2253"]
[BlackElo "2326"]
[PlyCount "128"]
[EventDate "2018.10.08"]
[EventType "team-swiss (rapid)"]
[EventRounds "9"]
[EventCountry "RUS"]
[SourceTitle "CBM 186 Extra"]
[Source "ChessBase"]
[SourceDate "2018.08.24"]
[SourceVersion "1"]
[SourceVersionDate "2018.08.24"]
[SourceQuality "1"]
[WhiteTeam "Moscow Liga Tsifrovoy Ekonomiki"]
[BlackTeam "Belgorod Rakita"]
[WhiteTeamCountry "RUS"]
[BlackTeamCountry "RUS"]

1. e4 e5 2. Nf3 Nc6 3. Bc4 Bc5 4. c3 Nf6 5. d4 exd4 6. cxd4 Bb4+ 7. Bd2 Nxe4 8. Bxb4 Nxb4 9. Bxf7+ Kxf7 10. Qb3+ Kf8 11. Qxb4+ Qe7 12. Qxe7+ Kxe7 13. Nc3 Nxc3 14. bxc3 d6 15. Kd2 Bg4 16. Ne1 Rhf8 17. f3 Be6 18. Nc2 c6 19. Rhe1 Kd7 20. Ne3 h5 21. Rab1 Rab8 22. a3 h4 23. Rf1 b5 24. f4 g6 25. g4 hxg3 26. hxg3 Rh8 27. Rh1 Bf5 28. Rbe1 a5 29. Ke2 Be4 30. Rxh8 Rxh8 31. Ng4 Bf5 32. Nf2 c5 33. dxc5 dxc5 34. Kf3 b4 35. cxb4 cxb4 36. axb4 axb4 37. g4 Bc2 38. Ke3 b3 39. Kd2 Kd6 40. Kc3 Kd5 41. Re5+ Kd6 42. Ne4+ Kc6 43. Re6+ Kb5 44. Re5+ Ka4 45. Kb2 Kb4 46. Nc3 Kc4 47. f5 gxf5 48. gxf5 Bd3 49. Na4 Rh2+ 50. Kc1 Rc2+ 51. Kd1 Ra2 52. Nb6+ Kc3 53. Rc5+ Kb4 54. Rc7 Ra5 55. Rb7 Be4 56. Rb8 Kc3 57. Rc8+ Kb4 58. Rb8 Rb5 59. Kc1 Rc5+ 60. Kd2 Rb5 61. f6 Bg6 62. Nd5+ Kc5 63. Rxb5+ Kxb5 64. Kc3 Bf7 1/2-1/2

[Event "RUS-chT rapid"]
[Site "Sochi"]
[Date "2018.10.09"]
[Round "8.9"]
[White "Tatarintsev, Egor"]
[Black "Kostin, Alexey"]
[Result "0-1"]
[WhiteElo "2086"]
[BlackElo "2253"]
[PlyCount "68"]
[EventDate "2018.10.08"]
[EventType "team-swiss (rapid)"]
[EventRounds "9"]
[EventCountry "RUS"]
[SourceTitle "CBM 186 Extra"]
[Source "ChessBase"]
[SourceDate "2018.08.24"]
[SourceVersion "1"]
[SourceVersionDate "2018.08.24"]
[SourceQuality "1"]
[WhiteTeam "Voronezh SDYuSShOR"]
[BlackTeam "Moscow Liga Tsifrovoy Ekonomiki"]
[WhiteTeamCountry "RUS"]
[BlackTeamCountry "RUS"]

1. d4 Nf6 2. c4 e6 3. Nf3 d5 4. g3 c5 5. cxd5 exd5 6. Bg2 Nc6 7. 0-0 Be7 8. Nc3 Be6 9. dxc5 Bxc5 10. Bg5 Be7 11. Nd4 0-0 12. Nxe6 fxe6 13. Qb3 Qb6 14. Qxb6 axb6 15. Rfd1 Bc5 16. Bxf6 Rxf6 17. e3 Ne5 18. Rd2 Nc4 19. Re2 Ne5 20. Rd1 Raf8 21. Rdd2 Bb4 22. Rd1 Rc8 23. Nb1 Nd3 24. a3 Nc1 25. axb4 Nxe2+ 26. Kf1 Rc2 27. f4 Nc1 28. Nc3 Kf8 29. e4 g5 30. exd5 gxf4 31. Ne4 f3 32. Nxf6 fxg2+ 33. Kg1 Ne2+ 34. Kxg2 Nc3+ 0-1

[Event "RUS-chT rapid"]
[Site "Sochi"]
[Date "2018.10.08"]
[Round "3.3"]
[White "Moiseenko, Vadim"]
[Black "Kostin, Alexey"]
[Result "1-0"]
[WhiteElo "2492"]
[BlackElo "2253"]
[PlyCount "91"]
[EventDate "2018.10.08"]
[EventType "team-swiss (rapid)"]
[EventRounds "9"]
[EventCountry "RUS"]
[SourceTitle "CBM 186 Extra"]
[Source "ChessBase"]
[SourceDate "2018.08.24"]
[SourceVersion "1"]
[SourceVersionDate "2018.08.24"]
[SourceQuality "1"]
[WhiteTeam "Vologodsk Region"]
[BlackTeam "Moscow Liga Tsifrovoy Ekonomiki"]
[WhiteTeamCountry "RUS"]
[BlackTeamCountry "RUS"]

1. Nf3 Nf6 2. b3 d6 3. Bb2 e5 4. c4 g6 5. g3 Bg7 6. Bg2 0-0 7. 0-0 Qe7 8. d3 Nbd7 9. Nc3 Re8 10. a3 a5 11. b4 c6 12. Qc2 Nb6 13. Nd2 d5 14. cxd5 Nbxd5 15. b5 Nxc3 16. Bxc3 cxb5 17. Rfb1 Bd7 18. Bxb7 Rab8 19. Bg2 b4 20. axb4 axb4 21. Bb2 Rec8 22. Qd1 Bc6 23. Nf3 Nd5 24. Qb3 h6 25. Nxe5 Bxe5 26. Bxd5 Be8 27. Ra6 Kg7 28. Re6 fxe6 29. Bxe5+ Kh7 30. Bxe6 Bc6 31. Bxb8 Rxb8 32. Rc1 Qd6 33. e4 Be8 34. Ra1 Qc5 35. Kg2 Bc6 36. Ra2 Qd4 37. Rc2 Rb6 38. Bg8+ Kh8 39. Qf7 Bxe4+ 40. dxe4 Qxe4+ 41. Kh3 Rb7 42. Qf6+ Rg7 43. Rc7 Qf5+ 44. Qxf5 gxf5 45. Rxg7 Kxg7 46. Bb3 1-0

[Event "Voronezh op-A 22nd"]
[Site "Voronezh"]
[Date "2018.06.15"]
[Round "4"]
[White "Yakimenko, Alexander A"]
[Black "Kostin, Alexey"]
[Result "0-1"]
[WhiteElo "2094"]
[BlackElo "2282"]
[PlyCount "114"]
[EventDate "2018.06.12"]
[EventType "swiss"]
[EventRounds "9"]
[EventCountry "RUS"]
[SourceTitle "CBM 185 Extra"]
[Source "ChessBase"]
[SourceDate "2018.07.29"]
[SourceVersion "1"]
[SourceVersionDate "2018.07.29"]
[SourceQuality "1"]

1. d4 Nf6 2. c4 e6 3. Nc3 Bb4 4. Qc2 c5 5. e3 cxd4 6. exd4 d5 7. Nf3 0-0 8. a3 Bxc3+ 9. bxc3 b6 10. Ne5 Bb7 11. Be2 dxc4 12. 0-0 Nc6 13. Nxc4 Rc8 14. Rd1 Nd5 15. Ne3 Na5 16. Bd2 Nxe3 17. Bxe3 Bd5 18. Bd3 Bb3 19. Bxh7+ Kh8 20. Qd3 Bxd1 21. Rxd1 g6 22. Bxg6 fxg6 23. Qxg6 Qf6 24. Qh5+ Kg7 25. d5 Nc4 26. Bd4 e5 27. Rd3 Qh6 28. Qg4+ Qg6 29. Qh3 exd4 30. Rg3 Ne5 31. Rxg6+ Nxg6 32. Qd7+ Kf6 33. Qe6+ Kg5 34. h4+ Nxh4 35. cxd4 Nf5 36. g3 Rfe8 37. Qf7 Re7 38. f4+ Kg4 39. Qg6+ Kf3 40. Qh5+ Kxg3 41. Qh2+ Kg4 42. Qd2 Re4 43. d6 Rxd4 44. d7 Rd8 45. Qe2+ Kxf4 46. Qh2+ Kg5 47. Qc7 Rd1+ 48. Kf2 R8xd7 49. Qb8 R1d2+ 50. Ke1 Rd1+ 51. Kf2 R7d2+ 52. Kf3 Nh4+ 53. Ke3 Rd3+ 54. Ke4 Rd4+ 55. Ke3 Nf5+ 56. Ke2 R4d2+ 57. Kf3 Rf1+ 0-1

[Event "RUS-chT2"]
[Site "Sochi"]
[Date "2018.05.10"]
[Round "9.2"]
[White "Smirnov, Artem"]
[Black "Kostin, Alexey"]
[Result "1-0"]
[WhiteElo "2400"]
[BlackElo "2291"]
[PlyCount "79"]
[EventDate "2018.05.01"]
[EventType "team-swiss"]
[EventRounds "9"]
[EventCountry "RUS"]
[SourceTitle "CBM 184 Extra"]
[Source "ChessBase"]
[SourceDate "2018.06.28"]
[SourceVersion "1"]
[SourceVersionDate "2018.06.28"]
[SourceQuality "1"]
[WhiteTeam "St Petersburg Law Enforcement"]
[BlackTeam "Voronezh Region"]
[WhiteTeamCountry "RUS"]
[BlackTeamCountry "RUS"]

1. d4 Nf6 2. Bg5 e6 3. Nd2 c5 4. e3 Be7 5. c3 b6 6. Ngf3 Bb7 7. Bd3 Nc6 8. 0-0 0-0 9. a3 d6 10. Re1 Nd5 11. Bxe7 Qxe7 12. Bf1 Nf6 13. e4 cxd4 14. cxd4 d5 15. e5 Nd7 16. b4 Rfc8 17. Bd3 Rc7 18. h4 Rac8 19. Nf1 Nd8 20. Qd2 Nf8 21. h5 h6 22. Rac1 Bc6 23. Ne3 Qd7 24. Ng4 Bb5 25. Rxc7 Rxc7 26. Nf6+ gxf6 27. exf6 e5 28. Nxe5 Qe8 29. Qxh6 Nde6 30. Re3 Bxd3 31. Rxd3 Nh7 32. Rg3+ Kh8 33. Rg7 Qg8 34. Rxg8+ Kxg8 35. f4 Rc1+ 36. Kh2 Rf1 37. Nc6 Rxf4 38. Ne7+ Kh8 39. Ng6+ fxg6 40. hxg6 1-0

[Event "Tula Suetin Memorial"]
[Site "Tula"]
[Date "2018.01.06"]
[Round "5"]
[White "Kostin, Alexey"]
[Black "Bykov, Oleg1111"]
[Result "0-1"]
[WhiteElo "2282"]
[BlackElo "2327"]
[PlyCount "88"]
[EventDate "2018.01.03"]
[EventType "tourn"]
[EventRounds "9"]
[EventCountry "RUS"]
[SourceTitle "CBM 182 Extra"]
[Source "ChessBase"]
[SourceDate "2018.02.23"]
[SourceVersion "1"]
[SourceVersionDate "2018.02.23"]
[SourceQuality "1"]

1. e4 e6 2. d4 d5 3. Nd2 Nf6 4. e5 Nfd7 5. f4 c5 6. Ndf3 Nc6 7. c3 Qb6 8. a3 Be7 9. b4 cxd4 10. cxd4 0-0 11. Bd3 f6 12. Ne2 fxe5 13. fxe5 Rxf3 14. gxf3 Bh4+ 15. Kf1 Ndxe5 16. Kg2 Nxd3 17. Qxd3 Bd7 18. Bf4 Bf6 19. Rad1 Ne7 20. Rhe1 Bb5 21. Qd2 Nf5 22. Kh1 Qa6 23. Ng3 Qxa3 24. Qf2 Qxb4 25. Be5 Bxe5 26. Nxf5 exf5 27. Rxe5 Rf8 28. Rg1 g6 29. Rxd5 Bc6 30. Re5 Qb3 31. Re3 Qd5 32. Ra3 a5 33. Re1 a4 34. Kg2 Rd8 35. Rd1 Qd6 36. Rad3 Bd5 37. Qb2 Re8 38. R1d2 Kg7 39. Qb5 Re1 40. Qxa4 Qe7 41. Kh3 f4 42. Qb5 Qg5 43. Qd7+ Kh6 44. Qg4 Be6 0-1

[Event "Voronezh Region-ch"]
[Site "Voronezh"]
[Date "2017.12.15"]
[Round "3"]
[White "Kostin, Alexey"]
[Black "Kovalenko, Sergey"]
[Result "1-0"]
[WhiteElo "2263"]
[BlackElo "2246"]
[PlyCount "25"]
[EventDate "2017.12.12"]
[EventType "swiss"]
[EventRounds "9"]
[EventCountry "RUS"]
[SourceTitle "CBM 182 Extra"]
[Source "ChessBase"]
[SourceDate "2018.02.23"]
[SourceVersion "1"]
[SourceVersionDate "2018.02.23"]
[SourceQuality "1"]

1. e4 e6 2. d4 d5 3. Nc3 Nf6 4. Bg5 dxe4 5. Nxe4 Be7 6. Bxf6 Bxf6 7. Nf3 Nd7 8. Bd3 0-0 9. 0-0 e5 10. dxe5 Nxe5 11. Nxe5 Bxe5 12. Qh5 Bxb2 13. Nf6+ 1-0

[Event "Voronezh Region-ch"]
[Site "Voronezh"]
[Date "2017.12.13"]
[Round "1"]
[White "Kostin, Alexey"]
[Black "Tatarintsev, Egor"]
[Result "1-0"]
[WhiteElo "2263"]
[BlackElo "2125"]
[PlyCount "75"]
[EventDate "2017.12.12"]
[EventType "swiss"]
[EventRounds "9"]
[EventCountry "RUS"]
[SourceTitle "CBM 182 Extra"]
[Source "ChessBase"]
[SourceDate "2018.02.23"]
[SourceVersion "1"]
[SourceVersionDate "2018.02.23"]
[SourceQuality "1"]

1. e4 e6 2. d3 d5 3. Nd2 c5 4. Ngf3 Nc6 5. g3 Nf6 6. Bg2 Bd6 7. Qe2 Bc7 8. 0-0 0-0 9. Re1 b6 10. Nf1 Ba6 11. e5 Nd7 12. Bf4 Re8 13. c4 Nf8 14. g4 f6 15. Bg3 Nxe5 16. Nxe5 Bxe5 17. Bxe5 fxe5 18. Qxe5 Ng6 19. Qg3 Qg5 20. Ne3 Rad8 21. cxd5 exd5 22. Nf5 Rxe1+ 23. Rxe1 Qd2 24. Re3 Qd1+ 25. Bf1 Rd7 26. h3 h5 27. Re8+ Kh7 28. Ne3 Qa4 29. gxh5 Nf4 30. b3 Qd4 31. Nf5 Qb4 32. a3 Qd2 33. Ne3 Rf7 34. Nxd5 Nxh5 35. Qh4 Qh6 36. Qd8 Qg6+ 37. Bg2 Qxd3 38. Be4+ 1-0

[Event "RUS Central Region-chT"]
[Site "Lipetsk"]
[Date "2017.12.06"]
[Round "5.4"]
[White "Grachev, Andrey"]
[Black "Kostin, Alexey"]
[Result "1/2-1/2"]
[WhiteElo "2263"]
[BlackElo "2263"]
[PlyCount "80"]
[EventDate "2017.12.03"]
[EventType "team-swiss"]
[EventRounds "7"]
[EventCountry "RUS"]
[SourceTitle "CBM 182 Extra"]
[Source "ChessBase"]
[SourceDate "2018.02.23"]
[SourceVersion "1"]
[SourceVersionDate "2018.02.23"]
[SourceQuality "1"]
[WhiteTeam "Lipetsk EGU Region"]
[BlackTeam "Voronezh Region"]
[WhiteTeamCountry "RUS"]
[BlackTeamCountry "RUS"]

1. e4 c5 2. c3 d5 3. exd5 Qxd5 4. d4 cxd4 5. cxd4 Nc6 6. Nf3 e5 7. Nc3 Bb4 8. Bd2 Bxc3 9. Bxc3 e4 10. Ne5 Nxe5 11. dxe5 Ne7 12. Qe2 Bf5 13. Qb5+ Qxb5 14. Bxb5+ Nc6 15. Bxc6+ bxc6 16. Ke2 Be6 17. Rhd1 Rd8 18. Rxd8+ Kxd8 19. Rd1+ Kc8 20. a3 Rd8 21. Rxd8+ Kxd8 22. Ke3 Bd5 23. e6 g6 24. exf7 Ke7 25. Bb4+ Kxf7 26. f3 exf3 27. gxf3 Ke6 28. Kf4 g5+ 29. Kxg5 Bxf3 30. h3 a6 31. Kh6 Bg2 32. Kxh7 Bxh3 33. Kg6 Kd5 34. Kf6 Kc4 35. Ke5 Kb3 36. Kd6 Kxb2 37. Kxc6 a5 38. Bxa5 Kxa3 39. Bb6 Bg2+ 40. Kc7 Kb3 1/2-1/2

[Event "Tambov Korensky Memorial 26th"]
[Site "Tambov"]
[Date "2017.08.23"]
[Round "5"]
[White "Kostin, Alexey"]
[Black "Sapunov, Evgeny"]
[Result "1/2-1/2"]
[WhiteElo "2252"]
[BlackElo "2466"]
[PlyCount "25"]
[EventDate "2017.08.19"]
[EventType "swiss"]
[EventRounds "9"]
[EventCountry "RUS"]
[SourceTitle "CBM 180 Extra"]
[Source "ChessBase"]
[SourceDate "2017.10.06"]
[SourceVersion "1"]
[SourceVersionDate "2017.10.06"]
[SourceQuality "1"]

1. e4 c5 2. c3 Nf6 3. e5 Nd5 4. d4 cxd4 5. Qxd4 e6 6. Bc4 Nc6 7. Qe4 d6 8. exd6 Nf6 9. Qe2 Bxd6 10. Nf3 Qc7 11. Bg5 a6 12. Nbd2 0-0 13. Rd1 1/2-1/2

[Event "Tambov Korensky Memorial 26th"]
[Site "Tambov"]
[Date "2017.08.21"]
[Round "3"]
[White "Kostin, Alexey"]
[Black "Uryupin, Igor Nikolaevich"]
[Result "1-0"]
[WhiteElo "2252"]
[BlackElo "2277"]
[PlyCount "45"]
[EventDate "2017.08.19"]
[EventType "swiss"]
[EventRounds "9"]
[EventCountry "RUS"]
[SourceTitle "CBM 180 Extra"]
[Source "ChessBase"]
[SourceDate "2017.10.06"]
[SourceVersion "1"]
[SourceVersionDate "2017.10.06"]
[SourceQuality "1"]

1. e4 c5 2. c3 g6 3. d4 cxd4 4. cxd4 d5 5. exd5 Nf6 6. Nc3 Nxd5 7. Qb3 e6 8. Nf3 Nc6 9. Bg5 Qa5 10. Bd2 Bg7 11. Bc4 Nde7 12. d5 exd5 13. Nxd5 Qd8 14. 0-0 Nxd5 15. Rfe1+ Nde7 16. Bxf7+ Kf8 17. Bg5 h6 18. Bxg6 Nxg6 19. Bxd8 Nxd8 20. Qd3 Kf7 21. Rac1 Ne6 22. Qf5+ Bf6 23. Rxc8 1-0

[Event "Voronezh op-A 20th"]
[Site "Voronezh"]
[Date "2016.06.20"]
[Round "9"]
[White "Kostin, Alexey"]
[Black "Sanzhaev, Darsen"]
[Result "0-1"]
[WhiteElo "2299"]
[BlackElo "2362"]
[PlyCount "66"]
[EventDate "2016.06.12"]
[EventType "swiss"]
[EventRounds "9"]
[EventCountry "RUS"]
[SourceTitle "EXT 2019"]
[Source "ChessBase"]
[SourceDate "2018.10.10"]
[SourceVersion "1"]
[SourceVersionDate "2018.10.10"]
[SourceQuality "1"]

1. e4 e5 2. Nf3 Nc6 3. Bc4 Bc5 4. c3 Nf6 5. d4 exd4 6. cxd4 Bb4+ 7. Bd2 Bxd2+ 8. Nbxd2 d5 9. exd5 Nxd5 10. Qb3 Nce7 11. 0-0 0-0 12. Rfe1 Nb6 13. Bd3 Ned5 14. Re5 f6 15. Ree1 Kh8 16. h3 Nf4 17. Bc2 a5 18. Rac1 a4 19. Qa3 Ra5 20. Bb1 Nbd5 21. Nb3 Ra8 22. Nc5 b6 23. Nd3 Ba6 24. Nxf4 Nxf4 25. Qxa4 f5 26. Qd1 Bb7 27. Re5 Nxg2 28. Rxf5 Rxf5 29. Bxf5 Bxf3 30. Qxf3 Nh4 31. Qg4 Ra5 32. Qf4 Rxf5 33. Qxc7 Qg5+ 0-1

[Event "Voronezh op-A 20th"]
[Site "Voronezh"]
[Date "2016.06.19"]
[Round "8"]
[White "Pavlov, Sergey1111"]
[Black "Kostin, Alexey"]
[Result "1-0"]
[WhiteElo "2456"]
[BlackElo "2299"]
[PlyCount "49"]
[EventDate "2016.06.12"]
[EventType "swiss"]
[EventRounds "9"]
[EventCountry "RUS"]
[SourceTitle "EXT 2019"]
[Source "ChessBase"]
[SourceDate "2018.10.10"]
[SourceVersion "1"]
[SourceVersionDate "2018.10.10"]
[SourceQuality "1"]

1. c4 Nf6 2. Nc3 c5 3. Nf3 e6 4. g3 b6 5. Bg2 Bb7 6. 0-0 d6 7. Re1 a6 8. e4 Qc7 9. d4 cxd4 10. Nxd4 Nbd7 11. Be3 Ne5 12. Rc1 Neg4 13. Bf4 e5 14. Nd5 Qd8 15. Nxf6+ Nxf6 16. Bg5 Be7 17. Nf5 0-0 18. Qb3 Re8 19. Red1 Bf8 20. c5 Rc8 21. Nxd6 Bxd6 22. Rxd6 Qc7 23. Rxb6 Bxe4 24. Bxe4 Nxe4 25. Rb7 1-0

[Event "Voronezh op-A 20th"]
[Site "Voronezh"]
[Date "2016.06.18"]
[Round "7"]
[White "Kostin, Alexey"]
[Black "Kharchenko, Boris"]
[Result "1/2-1/2"]
[WhiteElo "2299"]
[BlackElo "2467"]
[PlyCount "88"]
[EventDate "2016.06.12"]
[EventType "swiss"]
[EventRounds "9"]
[EventCountry "RUS"]
[SourceTitle "EXT 2019"]
[Source "ChessBase"]
[SourceDate "2018.10.10"]
[SourceVersion "1"]
[SourceVersionDate "2018.10.10"]
[SourceQuality "1"]

1. e4 e5 2. Nf3 Nc6 3. Bc4 Nf6 4. Ng5 d5 5. exd5 Na5 6. Bb5+ c6 7. dxc6 bxc6 8. Bd3 Nd5 9. Nf3 Nf4 10. 0-0 Nxd3 11. cxd3 Bd6 12. d4 exd4 13. Re1+ Be6 14. Nxd4 Bxh2+ 15. Kxh2 Qxd4 16. Qh5 Qd6+ 17. Kg1 Nb7 18. b3 0-0 19. Bb2 Bd7 20. Na3 f6 21. Nc4 Qd5 22. Qh4 Nd6 23. Nxd6 Qxd6 24. Qc4+ Kh8 25. Bd4 Rfe8 26. Rxe8+ Rxe8 27. Bxa7 Qxd2 28. Be3 Qd6 29. Qd4 Qxd4 30. Bxd4 Kg8 31. a4 Bc8 32. Rc1 Re6 33. b4 Ba6 34. Rc5 Re4 35. Bc3 Rc4 36. Ra5 Rxc3 37. Rxa6 Rc4 38. Rb6 c5 39. Rb8+ Kf7 40. Rb7+ Kg6 41. bxc5 Rxa4 42. c6 Ra1+ 43. Kh2 Rc1 44. c7 Kf5 1/2-1/2

[Event "Voronezh op-A 20th"]
[Site "Voronezh"]
[Date "2016.06.17"]
[Round "6"]
[White "Kalugin, Sergei G"]
[Black "Kostin, Alexey"]
[Result "1/2-1/2"]
[WhiteElo "2413"]
[BlackElo "2299"]
[PlyCount "56"]
[EventDate "2016.06.12"]
[EventType "swiss"]
[EventRounds "9"]
[EventCountry "RUS"]
[SourceTitle "EXT 2019"]
[Source "ChessBase"]
[SourceDate "2018.10.10"]
[SourceVersion "1"]
[SourceVersionDate "2018.10.10"]
[SourceQuality "1"]

1. e4 e6 2. d4 d5 3. Nc3 Bb4 4. Nge2 dxe4 5. a3 Be7 6. Nxe4 Nf6 7. N2g3 Nbd7 8. Bd3 0-0 9. 0-0 b6 10. Qe2 Bb7 11. Rd1 Qc8 12. Nxf6+ Nxf6 13. Ne4 c5 14. dxc5 Nxe4 15. Bxe4 Bxc5 16. Bxb7 Qxb7 17. Be3 Bxe3 18. Qxe3 Rfd8 19. Qe2 Qc7 20. Rxd8+ Rxd8 21. Rd1 Rxd1+ 22. Qxd1 Kf8 23. Kf1 Qc4+ 24. Kg1 Qc7 25. Kf1 Qc4+ 26. Kg1 Qc7 27. Kf1 Qc4+ 28. Kg1 Qc7 1/2-1/2

[Event "Voronezh op-A 20th"]
[Site "Voronezh"]
[Date "2016.06.16"]
[Round "5"]
[White "Kostin, Alexey"]
[Black "Nikitenko, Mihail"]
[Result "1-0"]
[WhiteElo "2299"]
[BlackElo "2391"]
[PlyCount "81"]
[EventDate "2016.06.12"]
[EventType "swiss"]
[EventRounds "9"]
[EventCountry "RUS"]
[SourceTitle "EXT 2019"]
[Source "ChessBase"]
[SourceDate "2018.10.10"]
[SourceVersion "1"]
[SourceVersionDate "2018.10.10"]
[SourceQuality "1"]

1. e4 e5 2. Nf3 Nc6 3. Bc4 Bc5 4. c3 Nf6 5. d4 exd4 6. cxd4 Bb4+ 7. Bd2 Bxd2+ 8. Nbxd2 d5 9. exd5 Nxd5 10. Qb3 Nce7 11. 0-0 0-0 12. Rfe1 c6 13. Ne4 Qb6 14. Qa3 Bg4 15. Ne5 Bf5 16. Nd6 Be6 17. Rad1 Qc7 18. Ne4 f6 19. Nd3 Kh8 20. Nec5 Bg8 21. Ne6 Bxe6 22. Rxe6 Nf5 23. Qc5 Rfd8 24. Rde1 h6 25. Nb4 Qf4 26. R6e4 Qg5 27. Nxd5 cxd5 28. f4 Qg6 29. Bxd5 Rac8 30. Bf7 Qxf7 31. Qxf5 Qxa2 32. h3 Qxb2 33. Kh2 Qb6 34. d5 a5 35. Re7 Qc5 36. R1e6 Rg8 37. Rxb7 Qd4 38. Re4 Qd2 39. Ree7 Rc4 40. Rxg7 Rxg7 41. Rb8+ 1-0